[Event "Doeberl Cup Minor 41st"]
[Site "Canberra"]
[Date "2003.04.21"]
[Round "7.2"]
[White "Tobin, Luke"]
[Black "Skulte, Christopher"]
[Result "0-1"]
[WhiteElo "1473"]
[BlackElo "1458"]
[PlyCount "120"]
[EventDate "2003.04.18"]
[EventType "swiss"]
[EventRounds "7"]
[EventCountry "AUS"]
[SourceTitle "EXT 2006"]
[Source "ChessBase"]
[SourceDate "2005.11.24"]
[SourceVersion "1"]
[SourceVersionDate "2005.11.24"]
[SourceQuality "1"]

1. e4 e6 2. d4 d5 3. e5 c5 4. c3 Nc6 5. Nf3 a6 6. a4 Bd7 7. Be2 f6 8. 0-0 Qb6 9. dxc5 Bxc5 10. b4 Be7 11. Be3 Qc7 12. exf6 Bxf6 13. Ra2 a5 14. Rc2 Rc8 15. Na3 Ne5 16. Rc1 Ne7 17. c4 Nxf3+ 18. Bxf3 Bb2 19. cxd5 Bxc1 20. d6 Qb8 21. Bxc1 Nf5 22. Bh5+ g6 23. Bb2 0-0 24. g4 gxh5 25. gxf5 Rxf5 26. Qd4 e5 27. Qd5+ Kf8 28. Re1 Qa7 29. Re2 axb4 30. Nb5 Qc5 31. Qxb7 Rg5+ 32. Kf1 Qc6 33. Qxc6 Bxc6 34. Rxe5 Rxe5 35. Bxe5 Bxb5+ 36. axb5 Ke8 37. Ke2 Kd7 38. Kd3 Rc5 39. f4 Rxb5 40. Kc4 Rb8 41. Kb3 Rb7 42. f5 Rb6 43. Bg3 h4 44. Bxh4 Kxd6 45. Be1 Ke5 46. Kc4 Rb7 47. Bxb4 Rd7 48. Be1 Kxf5 49. Bg3 Kg4 50. Be5 Kh3 51. Kc3 h5 52. Bf4 h4 53. Be5 Kg2 54. Bb8 h3 55. Be5 Rd1 56. Kc2 Rh1 57. Kd3 Rxh2 58. Ke3 Rh1 59. Ke2 Rf1 60. Bh2 Rf7 0-1

[Event "Doeberl Cup Minor 41st"]
[Site "Canberra"]
[Date "2003.04.20"]
[Round "6.4"]
[White "Eldridge Smith, Veronique"]
[Black "Tobin, Luke"]
[Result "0-1"]
[WhiteElo "925"]
[BlackElo "1473"]
[PlyCount "68"]
[EventDate "2003.04.18"]
[EventType "swiss"]
[EventRounds "7"]
[EventCountry "AUS"]
[SourceTitle "EXT 2006"]
[Source "ChessBase"]
[SourceDate "2005.11.24"]
[SourceVersion "1"]
[SourceVersionDate "2005.11.24"]
[SourceQuality "1"]

1. e4 d5 2. exd5 Nf6 3. Nc3 Nxd5 4. Nxd5 Qxd5 5. d4 Nc6 6. c3 Bf5 7. Bf4 0-0-0 8. Nf3 Qe4+ 9. Be3 f6 10. Nd2 Qd5 11. c4 Qf7 12. d5 Nb4 13. Rc1 Qg6 14. Qa4 Nd3+ 15. Bxd3 Bxd3 16. Rg1 a6 17. b4 e5 18. b5 f5 19. bxa6 Qxa6 20. Qxa6 bxa6 21. Rc3 e4 22. g4 g6 23. gxf5 Bb4 24. Rc1 gxf5 25. Rg5 Rhg8 26. Rg3 Bd6 27. Rxg8 Rxg8 28. f4 Rg2 29. c5 Bxf4 30. Nf1 Bxe3 31. Nxe3 Re2+ 32. Kd1 Rxe3 33. d6 Re2 34. dxc7 f4 0-1